=LDR 00000nam 2200000 4500 =001 INLIS000000000009030 =005 20130612100845 =008 ***********************************Ind** =035 ##$$0010-061300000009030 =041 ##$$a Ind =082 ##$$a 658.151.1 =100 ##$$aa658.151.1, Sam-a =245 ##$$a Samryn, L. M =260 ##$$a Akuntansi manajerial, suatu pengantar, L. M. Samryn =300 ##$$a 2002 $b Jakarta =650 ##$$a xiv,353 hlm , 21 cm =850 ##$$a Akuntansi manajemen